000 02362nam a2200325 a 4500
001 BRCA_5419
005 20190320205053.0
008 101210m18411842sp-####f#v---#000-0#spa-#
041 _aspa
044 _asp
084 _aDOC6
_b.M39
_c1841
_pD1995
100 1 _aMaza, Thomas de la
_cMilitar
_913844
245 1 0 _aDocumento expedido a Don Thomas de la Maza
_cThomas de la Maza, S. M. la Reina Doña Isabel II.
260 _aMadrid, España
_c1841-1842
300 _a[1] foja
_c31 x 21 cm
500 _aDocumento expedido el 3 de diciembre de 1841
500 _aAcreditación de usar la cruz de distinción que la S. A. Regente del Reino a nombre de S. M. la REINA ISABEL II a Don Thomas de la Maza
500 _aPapel con marca de agua
500 _aEn el margen superior tiene la leyenda: EL SECRETARIO DE ESTADO Y DE DESPACHO. UNIVERSAL DE LA GUERRA
500 _aEstado de conservación: contiene dobleces y márgenes maltratados
500 _aDonación del Sr. Gonzalo Tassier 10 agosto 1995
505 0 _aDon Thomas de la Maza individuo que fue al batallón de la Milicia Nacional movilizada de Sevilla. Ha creditado en debida forma heberse hecho digno de usar la cruz de distinción que S. A. el Regente del Reino, a nombre de S. M. la REINA DOÑA ISABEL II, tuvo a bien conceder por su resolución de tres de diciembre de mil ochocientos cuarenta y uno, a todos los individuos que compusieron los dos batallones de la Milicia nacional movilizada de la provincia de Madrid por el importante activo servicio que prestaron en mil ochocientos treita y seis a la causa nacional y libertad de la Patria, tanto en descatamentos avanzados al enemigo, como recorriendo las provincias de Guadalajara y Toledo en persecución de los rebeldes que vagan por las mismas y otras limítrofes; cuya decoración se sirvio S. A. el Regente del Reino a nombre de M. S. la REINA DOÑA ISABEL II
506 0 _aFondo reservado: para su consulta es necesario credencial de usuario y carta de motivos.
546 _aTexto en: español de finales del siglo XIX
600 1 4 _aMaza, Thomas de la
_cMilitar
_913844
650 1 4 _aDocumentos diplomáticos
_vImpreso con rúbrica
_xHistoria
_yCasa de Borbón, 1700
_zEspaña
_913845
700 1 _aIsabel de España
_bII
_cReina
_d1830-1904
_eBorbón y Borbón, María Isabel Luisa de
_913846
902 _aDDH
942 _2lcc
_cD
999 _c5113
_d5113